00837nam a2200229 a 450000100100000000500170001000800410002702000150006804000250008310000370010824500880014526000300023330000280026349000320029150000340032353400440035770000360040183000390043704900090047695201050048599900170059000003417020200930070832.0110926s1987 es 000 0 spa d a8477745846 aDO-SdBNPbspacBNPHU1 aWollheim, Richard,d1923-95959013aLa pintura como arte /cRichard Wollheim ; traducción de Bernardo Moreno Carillo. aEspaña :bVisor,c1987. a483 p. :bil. ;c24 cm.1 aLa balsa de la medusa ;v84 aNotas al pie de las páginas aTítulo original.kPainting as an art.1 aCarillo, Bernardo Moreno959591 0aLa balsa de la medusa ;v84959592 aBNPD 001050718MOaGRbGRcCTd2011-09-26iLF1l0o p34170-10r2020-06-25w2020-06-25y1ZNo se presta c33661d33661